Ont-ils pu... 100 rencontres dans le temps... - Statistiques

Statistiques générales
  • Ce quiz a été pris 25 fois
  • Le résultat moyen est 47 sur 100
Statistiques - réponses
Hint Explanation Réponse % Correct
Nicolas Sarkozy / Voir les 1ers pas de l'homme sur la Lune ('1955-) // 1969 Oui
83%
Florent Pagny / Connaître les événements de mai 68 (1961-) // 1968 Oui
83%
Shakespeare / Porter une perruque (1564-1616) // Antiquité Oui
78%
Charles X / Voir le premier film de cinéma (1757-1836) // 1895 Non
74%
Jean-Paul Belmondo / Rencontré Camille Claudel (1933-2021) // (1864-1943) Oui
74%
Socrate / Utiliser le calendrier Julien (-470.-399) // -45 Non
70%
Charlemagne / Porter des lunettes (742-814) // XIIIe s. Non
70%
Philippe Pétain / Parler à Napoléon III (1856-1951) // (1808-1873) Oui
70%
Jean-Jacques Goldman / Rencontrer Martin Luther King (1951-) // (1929-1968) Oui
70%
Georges Pompidou / Connaitre la fin de la 1ère Guerre mondiale (1911-1974) // 1918 Oui
70%
Alexandre le Grand / Visiter le Parthénon d'Athènes
(-356.-323) // Construit entre -447 et -432
Oui
70%
Voltaire / Se reposer dans un fauteuil "Voltaire" (1694-1778) // vers 1820 Non
65%
Georges Clémenceau / Lire les premiers articles de Charles de Gaulle (1841-1929) // 1915 Oui
65%
Louis-Philippe / Manger un camembert fabriqué par Marie Harel (1773-1850) // (1761/1844) Oui
65%
Jeanne d'Arc / Ferrer son cheval (1423-1483) // XIe s. Oui
65%
Vauban / Employer une arbalète (1633-1707) // Antiquité en Chine Oui
65%
Fernandel / Voir la construction de la Tour Eiffel (1903-1971) // 1889 Non
61%
Louis XI / Rencontrer Jeanne d'Arc (1423-1483) // (1412-1431) Oui
61%
Ludwig van Beethoven / Apprendre la défaite de Waterloo (1770-1827) // 1815 Oui
61%
Simone Veil / Recevoir le vaccin BCG (1927-2017) // 1921 Oui
61%
Maurice Ravel / Faire une promenade en automobile (1875-1937) // 1885 Oui
61%
François Mitterrand / Utiliser Facebook (1916-1996) // 2004 Non
57%
Marie-Antoinette / Entendre un solo de saxophone (1755-1793) // 1846 Non
57%
St Pierre / Se regarder dans un miroir en verre (?-64) // XIIIe s. Non
57%
Maryline Monroe / Utiliser une carte bancaire à puce (1926-1962) // Invention de la puce en 1974 Non
57%
Abbé Pierre / Voir Curiosity sur Mars (1912-2007) // 2012 Non
57%
Jean-Paul Sartre / Participé à l'émission Apostrophes (1905-1980) // (1975-1990) Oui
57%
Winston Churchill / Déguster un cocktail Manhattan (1874-1965) // Inventé en 1870 chez les parents de Churchill Oui
57%
Abraham Lincoln / Connaître l'adhésion à l'union de Hawaï (1809-1865) // 1959 Non
52%
Anatole France / Ecouté une chanson de France Gall (1844-1924) // (1947-2018) Non
52%
Léonard de Vinci / Dessiné le portrait de Henri III de France (1452-1519) // (1551-1589) Non
52%
Claude Monet / Utiliser de la peinture acrylique (1840-1926) // Années 1950 Non
52%
Alphonse Daudet / Voir un film de Louis de Funès (1840-1897) // (1914-1983) Non
52%
Marie-Amélie, épouse du roi Louis-Philippe / Emprunter le canal de Suez (1782-1866) // Inauguré en 1869 Non
52%
Louis Aragon / Connaître la brebis clonée Dolly (1897-1982) // 1996 Non
52%
Romy Schneider / Rencontrer M. Pokora (1938-1982) // (1985-) Non
52%
Henri IV / Boire un café (1553-1610) // 1528 Oui
52%
Mireille / Reçu Mireille Mathieu au Petit conservatoire de la Chanson (1906-1996) // (1946-) Oui
52%
La reine Victoria / Voir Cyrano de Bergerac de Rostand (1819-1901) // 1897 Oui
52%
Cicéron / Visiter la bibliothèque d'Alexandrie (-106.-43) // Fondée vers - 288 Oui
52%
Jules Verne / Ecrire un scenario pour le cinéma (1828-1905) // Invention en 1895 Oui
52%
Clovis / Monter un dromadaire (466-511) // - 2500 Oui
52%
Raphaël / Utiliser de la peinture à l'huile (1483-1520) // XIVe s. Oui
52%
George Bernard Shaw / Boire un pastis Ricard (1756-1950) // Créé en 1932 Oui
52%
Harry Houdini / Voler avec Charles Lindbergh (1874-1926) // (1902-1974) Oui
52%
Joseph Joffre / Boire un Coca Cola (1852-1931) // Inventé en 1886 Oui
52%
Jean Jaurès / Entendre la Madelon (1859-1914) // Créée en mars 1914, quelques mois avant sa mort Oui
52%
Charles Vanel / Assister au 1er festival de Cannes (1892-1989) // 1946 Oui
52%
Samuel Labarthe / Voir Charles de Gaulle (1962-) // (1890-1970) Oui
52%
John Wayne / Venir à l'Expo universelle de 1900 à Paris (1907-1979) // 1900 Non
48%
François 1er / Jouer au tennis (1494-1547) // 1874 Non
48%
Philippe-Auguste / Visiter le port du Havre (1165-1223) // 1517 Non
48%
Bernard de Clairvaux / Voir Notre-Dame de Paris achevée (1090-1153) // Achevée en 1345 Non
48%
Charles VI / Connaître l'existence de l'Amérique (1368-1422) // 1492 Non
48%
Jean-Paul 1er / Voir la création du Vatican (1912-1978) // 1929 Oui
48%
Jean Gabin / Rencontrer Méliès (1904-1976) // (1861-1938) Oui
48%
Elton John / Lire le 1er volume de Paddington à sa sortie (1947-) // 1958 Oui
48%
Vincent Auriol / Voir voler l'avion Caravelle (1884-1966) // 1960 Oui
48%
L'émir Abdelkader / Entendre la Tétralogie de Wagner (1808-1883) // Composée entre 1849 & 1876 Oui
48%
Karl Marx / Entendu chanter L'Internationale (1818-1883) // La musique est de 1888 Non
43%
Victor Hugo / Posséder une carte d'identité (1802-1885) // 1921 Non
43%
Louis Napoléon Bonaparte / Rencontrer Robespierre (1808-1873) // (1758-1794) Non
43%
Peyo / Voir le film Avatar (1928-1992) // 2009 Non
43%
Paul Verlaine / Conduire une automobile à boite de vitesse (1844-1896) // Inventée en 1899 Non
43%
Napoléon 1er / Rencontrer Louis XV (1769-1821) // (1710-1774) Oui
43%
Romain Gary / Voir un code barre sur un de ses livres (1914-1980) // Inventé en 1974 Oui
43%
Lawrence d'Arabie / Rencontrer Peter O'Toole (1888-1935) // (1932-2013) Oui
43%
Louis Blériot / Connaître le 8 mai 1945 (1872-1936) // 1945 Non
39%
Marc Zuckerberg / Etre à Rome lors de l'attentat contre Jean-Paul II (1984-) // 1981 Non
39%
François-Joseph 1er d'Autriche / Assisté au concert du nouvel an à Vienne (1830-1916) // Depuis 1939 Non
39%
St Louis / Voir le colosse de Rhodes (1214-1270) // Disparu en -226 Non
39%
Raymond Barre / Emprunter le tunnel sous la Manche (1924-2007) // Inauguré en 1994 Oui
39%
Horation Nelson / Célébrer la défaite de Waterloo (1758-1805) // 1815 Non
35%
Richard III d'Angleterre / Manger une purée de pommes-de-terre (1452-1485) // 1534 Non
35%
Abélard / Lire l'heure au clocher (1079-1142) // XIVe s. Non
35%
Le chevalier Bayard / Se faire soigner par Ambroise Paré (1475-1524) // (1510-1559) Non
35%
Frédéric Mistral / Ecrire avec un stylo bille (1830-1914) - Inventé en 1938 Non
35%
Charlemagne / Fermer sa chemise avec des boutons (742-814) // -500 Oui
35%
Elvis Preley / Jouer sur une borne Atari (1935-1977) // 1972 Oui
35%
Marquis de La Fayette / Souper à la Tour d'Argent à Paris (1757-1834) // Fondée en 1582 Oui
35%
Jean-Paul II / Connaître le début de la 1ère Guerre mondiale (1920-2008) // 1914 Non
30%
Alfred Hitchcock / Connaitre l'élection à la présidence de François Mitterrand (1899-1980) // 1981 Non
30%
L'empereur Auguste / Utiliser du savon (-63.14) // IVe s. à Rome Non
30%
Wolfgang Mozart / Entendre un concert de Jean-Sébastien Bach (1756-1791) // (1685-1750) Non
30%
Dagobert 1er / Utiliser un trébuchet à la guerre (603-638) // Inventé vers 850 Non
30%
Maurice Chevalier / Voir l'élection de Valéry Giscard d'Estaing (1888-1972) // 1974 Non
30%
Arthur Rimbaud / Prendre l'avion (1854-1891) // 1903 Non
26%
Guillaume Apollinaire / Utiliser un lave-vaisselle (1880-1918) // 1886 Oui
26%
Les rois mages / Venir en ski voir Jésus Vers l'an I // - 3000 Oui
26%
Jean Sibelius / Faire des courses chez IKEA (1865-1957) // Créé en 1943 Oui
26%
Edith Piaf / Voir Blériot traverser la Manche (1915-1963) // 1909 Non
22%
Michel Sardou / Lire le 1er album de Tintin à sa sortie (1947-) // 1927 Non
22%
Sylvie Vartan / Connaitre le début de la 2e Guerre mondiale (1944-) // 1939 Non
22%
Claude François / Possédé un téléphone portable (1939-1978) // 1973 Oui
22%
Louis XVIII / Collectionner les timbres (1755-1824) // 1er timbre 1849 Non
17%
Christophe Colomb / Fumer une pipe (1451-1506) // 1520 Non
13%
Johnny Hallyday / Suivre l'expédition Citroën au Sahara (1943-2017) // 1923 Non
13%
Hergé / Acheter le tout premier appareil photo Kodak à sa sortie (1907-1983) // 1888 Non
13%
Giacomo Puccini / Manger un carpaccio (1858-1924) // Inventé en 1950 Non
9%
Pompée le grand / Utiliser un sablier (-106.-48) // VIIIe s. Non
4%
Aucun quiz correspondant
Distribution des résultats
% des personnes avec chaque résultat
Percentile par nombre de réponses
Votre historique - résultats
Vous n’avez pas pris ce quiz